| 000 | 01192nam a2200253 a 4500 | ||
|---|---|---|---|
| 001 | 72214 | ||
| 003 | BD-RjUL | ||
| 005 | 20211209082227.0 | ||
| 008 | 170515s1948 ii ||||| |||| 00| 0 ben d | ||
| 020 | _c : Tk. 3.50 | ||
| 035 | _a(BD-RjUL)72430 | ||
| 040 |
_aBD-RjUL _bben _cBD-RjUL |
||
| 041 | _aben | ||
| 082 |
_223 _a853.09 _bMUK 1948 |
||
| 100 | 1 | 0 |
_aমুসোলিনী, বেনিতো _9213558 |
| 245 | 1 | 0 |
_aকার্ডিনালের প্রণয়িনী / _cবেনিতো মুসোলিনী, অনুবাদ পরেশকান্ত গাঙ্গুলী এবং সম্পাদনা জগদিন্দু বাগচী |
| 260 |
_aকলিকাতা : _bরীডার্স কর্ণার, _c১৯৪৮ [১৩৫৫] |
||
| 300 |
_a৩১৭ পৃ. ; _c১৮ সেমি. |
||
| 650 |
_aইতালীয় উপন্যাস _xইতিহাস ও সমালোচনা _9213559 |
||
| 650 |
_aItalian fiction _xhistory and criticism _9213560 |
||
| 700 |
_aগাঙ্গুলী, পরেশকান্ত _9213561 |
||
| 700 |
_aবাগচী, জগদিন্দু _9213562 |
||
| 942 |
_2ddc _cBK |
||
| 999 |
_c72214 _d72214 |
||